Normal view
MARC view
- Yerchoff, Piotr Pavlovich,
Entry Nombre Personal
001 - NUMERO DE CONTROL
- campo de control: 49926
003 - IDENTIFICADOR DE NUMERO DE CONTROL
- campo de control: MX-MxUPN
005 - FECHA Y HORA DE LA ÜLTIMA TRANSACCIÓN
- campo de control: 20230911115919.0
008 - DATOS DE LONGITUD FIJA
- campo de control de longitud fija: 230911nn acnnnaabn a aaa d
040 ## - FUENTE DE CATALOGACIÓN
- Agencia original de catalogación: MX-MxUPN
- Lenguaje de catalogación: spa
100 1# - ENCABEZAMIENTO - NOMBRE PERSONAL
- Nombre personal: Yerchoff, Piotr Pavlovich,
- Fechas asociadas con el nombre: 1815-1869
400 1# - VEÁSE - NOMBRE DE PERSONA
- Personal name: Ershov, Petr Pavlovich,
- Dates associated with a name: 1815-1869
400 1# - VEÁSE - NOMBRE DE PERSONA
- Personal name: Yerchoff,
- Dates associated with a name: 1815-1869
400 1# - VEÁSE - NOMBRE DE PERSONA
- Personal name: Yershov, Piotr,
- Dates associated with a name: 1815-1869
400 1# - VEÁSE - NOMBRE DE PERSONA
- Personal name: Yershóv, Piotr Pávlovich,
- Dates associated with a name: 1815-1869
670 ## - FUENTE EN LA QUE SE LOCALIZARON DATOS
- Cita de la fuente: Autoridades BNM, 11 septiembre 2023 :
- Información localizada: (Yerchoff, Piotr Pavlovich,1815-1869)
- Uniform Resource Identifier: https://catalogo.iib.unam.mx/
670 ## - FUENTE EN LA QUE SE LOCALIZARON DATOS
- Cita de la fuente: El caballito jorobado, 1990 :
- Información localizada: portada (Yerchoff)
902 ## - CATALOGADOR
- Catalogador: VíctorGodínez/110923
